| 000 | 00517nam a22001817a 4500 | ||
|---|---|---|---|
| 008 | 151013b xxu||||| |||| 00| 0 eng d | ||
| 020 | _a0131440772 | ||
| 041 | 0 | _aeng | |
| 080 | _a796.01:339.138 | ||
| 100 | 1 | _aShank, Matthew D. | |
| 245 | 1 | 0 |
_aSports marketing : _cMatthew D. Shank. |
| 250 | _a3rd ed. | ||
| 260 |
_aUpper Saddle River, N.J. : _bPearson/Prentice Hall, _c2005. |
||
| 300 |
_axxiv, 500 f. : _bme il.; _c26 cm. |
||
| 650 | 0 | _aMarketing | |
| 650 | 0 | _aSport | |
| 942 |
_2udc _cBK |
||
| 999 |
_c1272 _d1272 |
||